Statistics for U.S. Groups of Two

Click here to take the quiz!

General Stats

  • This quiz has been taken 44,800 times
    (17,039 since last reset)
  • The average score is 22 of 40

Answer Stats

GroupAnswer% Correct
Major political partiesDemocratic
98%
Major political partiesRepublican
98%
First people to walk on
the moon
Neil Armstrong
91%
San Francisco bridgesGolden Gate Bridge
88%
"Twin Cities" of MinnesotaMinneapolis
75%
First people to walk on
the moon
Buzz Aldrin
72%
State capitals that have hosted
the Olympics
Atlanta
71%
Main Chicago airportsO'Hare
70%
New York islands with a
population > 1 million
Manhattan
68%
Major stock exchangesNYSE
67%
"Twin Cities" of MinnesotaSt. Paul
67%
Major Civil War battles fought
on Union soil
Gettysburg
66%
Rival African-American street
gangs of Los Angeles
Bloods
65%
Rival African-American street
gangs of Los Angeles
Crips
65%
$1 trillion companies based
near Seattle
Amazon
61%
Louisiana Purchase explorersWilliam Clark
61%
Husbands of Jacqueline BouvierJohn F. Kennedy
60%
Louisiana Purchase explorersMeriwether Lewis
60%
$1 trillion companies based
near Seattle
Microsoft
60%
Certain things in life
(according to Ben Franklin)
Death
54%
State capitals that have hosted
the Olympics
Salt Lake City
54%
Certain things in life
(according to Ben Franklin)
Taxes
52%
"Good Will Hunting" writersMatt Damon
51%
"Good Will Hunting" writersBen Affleck
48%
Major stock exchangesNASDAQ
47%
Husbands of Jacqueline BouvierAristotle Onassis
46%
Obama family childrenMalia
45%
People allegedly killed
by O.J. Simpson
Nicole Brown Simpson
44%
Gangs of West Side StoryJets
42%
Stars of "The Blues Brothers"John Belushi
42%
New York islands with a
population > 1 million
Long Island
42%
Obama family childrenSasha
42%
Gangs of West Side StorySharks
41%
Stars of "The Blues Brothers"Dan Aykroyd
39%
First battles of the
American Revolution
Concord
35%
First battles of the
American Revolution
Lexington
35%
Main Chicago airportsMidway
32%
San Francisco bridgesBay Bridge
30%
Major Civil War battles fought
on Union soil
Antietam
23%
People allegedly killed
by O.J. Simpson
Ronald Goldman
19%

Score Distribution

Percentile by Number Answered

Percent of People with Each Score

Your Score History

You have not taken this quiz since the last reset